00285nam a2200121Ia 4500008004100000100001400041245003900055260002300094300000800117650001400125942000700139999001700146190216s9999||||xx |||||||||||||| ||und|| aVarughees 0aSamakaaleena Bharatheeya Sahithyam bSahithya Akademi a678 aSahithyam cBK c30241d30241